000 00367nam a2200145Ia 4500
008 230525s9999 xx 000 0 und d
020 _a9780864427021
082 _a910.91
_bCOLL
100 _aCOLLINS,David
245 0 _aLonely Planet Mumbai (Bombay)
260 _aVictoria
_bLonely Planet Publ.
_c1999
300 _a240
650 _aGeography/Travel
942 _cBK
999 _c3076
_d3076